000 01166cam a2200229 4500
001 ABS67171
008 031023n2003 000 0 eng u
035 _a(Sirsi) u123982
100 _aGreeman, A.
245 _aFocus: property software
260 _c2003
490 _aEstates Gazette
_v(0341) 11 October 2003, 123-133(5)
520 _a"Systems that help everyone row in the same direction" looks at the benefits of project software that links clients, contractors, engineers, designers and suppliers. These collaborative internet based systems are already in place in some major companies. The article gives some of the background to and describes the software in basic terms. Discusses some problems with the systems at present but considers these to be only temporary. Mentions the Collaboration Software in the Construction Industry report from Compagnia.
590 _aABS
650 _aSOFTWARE
650 _aPROJECT SOFTWARE
650 _aCOLLABORATIVE INTEGRATED COMMUNICATIONS FOR CONSTRUCTION
650 _aPROPERTY COMPUTER SHOW
690 _aMANAGEMENT-BUSINESS MANAGEMENT-INFORMATION MANAGEMENT
700 _aNorwood, G.
942 _n0
999 _c73633
_d73633